| 000 | 00540nam a2200181 a 4500 | ||
|---|---|---|---|
| 005 | 20140412111309.0 | ||
| 008 | 010418s19uu xx 00 eng d | ||
| 020 | _a0-89134-603-1 | ||
| 050 |
_aTR(GS 707 _bCl568 1994 |
||
| 245 |
_aFamilies : _bhundreds of copyright-free illustrations-all ready to use!. |
||
| 260 |
_aCincinnati, OH : _bF & W Publications, _c1994. |
||
| 300 | _a1 v. (unp.); col. ill. | ||
| 440 | _aNorth Light Clip & Scan art series | ||
| 650 | _aArts | ||
| 650 | _aPaintings | ||
| 650 | _aDrawings | ||
| 999 |
_c103912 _d103912 |
||